00705nam a2200241 a 4500001001300000003000900013005001700022008004100039020001000080082001600090100003900106245002500145260003100170300000900201500003500210505001000245650002300255700003900278902000800317942000700325952011600332999001500448nice12345678IN_TiNIC20260116011826.0050524s1908 teha grp 000 0 per  ac10000a891.53bQIZ aQizobani Mohammad Bin, Abdul Wahab aKitab Marzaban Namah aTehranbNo Publisherc1908 a313p aincludes index and biblioraphy2 aIndex aPersian Literature1 aQizobani Mohammad Bin, Abdul Wahab bSRS cBK 001040708StackRoom-aHMIbHMId2007-06-04g100.00l0o891.53 QIZp09008r2007-06-04v100.00w2005-05-24yBK c4233d4233